<?xml version="1.0" encoding="UTF-8"?>
<collection xmlns="http://www.loc.gov/MARC21/slim">
 <record>
  <leader>01556nam a2200217Ia 4500</leader>
  <controlfield tag="001">CTU_225538</controlfield>
  <controlfield tag="008">210402s9999    xx            000 0 und d</controlfield>
  <datafield tag="082" ind1=" " ind2=" ">
   <subfield code="a">448.007</subfield>
  </datafield>
  <datafield tag="082" ind1=" " ind2=" ">
   <subfield code="b">Th108</subfield>
  </datafield>
  <datafield tag="100" ind1=" " ind2=" ">
   <subfield code="a">Phạm, Thị Thảo</subfield>
  </datafield>
  <datafield tag="245" ind1=" " ind2="0">
   <subfield code="a">L'enseignement du vocabulaire aux enfants à travers des chansons. Étude de cas des élèves de la classe 4è à l'Ecole primaire Ngo Quyen :</subfield>
  </datafield>
  <datafield tag="245" ind1=" " ind2="0">
   <subfield code="b">Mémoire de master en sciences de l'éducation : Spécialité: Didactique et méthodologie du francais langue ẻtrangère</subfield>
  </datafield>
  <datafield tag="245" ind1=" " ind2="0">
   <subfield code="c">Phạm Thị Thảo ; Trần Văn Lựa (Cán bộ hướng dẫn)</subfield>
  </datafield>
  <datafield tag="260" ind1=" " ind2=" ">
   <subfield code="a">Cần Thơ</subfield>
  </datafield>
  <datafield tag="260" ind1=" " ind2=" ">
   <subfield code="b">Trường Đại học Cần Thơ</subfield>
  </datafield>
  <datafield tag="260" ind1=" " ind2=" ">
   <subfield code="c">2017</subfield>
  </datafield>
  <datafield tag="520" ind1=" " ind2=" ">
   <subfield code="a">Notre mesmoire se compose de cinq chapitres. Dans le premier chapitre, nous présenterons le cadre théorique sur I'enseignement du vocabulaire dans I'approche communicative: I'importance du vocabulaire et les différentes mesthodologies dans I'enseignement du vocabulaire. Dans le deuxième, nous allons présenter I'estat des lieux de I'enseignement du vocabulaire au primaire en concentrant sur la description du public, le programme d'enseignement, la respartition du programme. Dans le troisième chapitre, nous parlerons de la mesthodologie de recherche en présentant la description du corpus et la mesthode d'analyse,...</subfield>
  </datafield>
  <datafield tag="650" ind1=" " ind2=" ">
   <subfield code="a">French language,Tiếng Pháp</subfield>
  </datafield>
  <datafield tag="650" ind1=" " ind2=" ">
   <subfield code="x">Study and teaching,Dạy và học</subfield>
  </datafield>
  <datafield tag="910" ind1=" " ind2=" ">
   <subfield code="b">nthai</subfield>
  </datafield>
  <datafield tag="980" ind1=" " ind2=" ">
   <subfield code="a">Trung tâm Học liệu Trường Đại học Cần Thơ</subfield>
  </datafield>
 </record>
</collection>
